Loading...

Immigration in the construction sector in Kerala : An analysis

Bibliographic Details
Main Author: Nimmi S Prathap
Format: Ph.D Thesis
Published: University of Kerala, TVPM 2006
LEADER 00484nam a2200193 4500
020
082 |a M 241 
100 |a Nimmi S Prathap 
245 |a Immigration in the construction sector in Kerala : An analysis 
250
260 |a University of Kerala, TVPM  |c 2006 
300
490
500
590
650
942 |c THES 
999 |c 118483  |d 118483 
952 |0 0  |1 0  |4 0  |6 M_241_000000000000000  |7 0  |9 131950  |a ECN  |b ECN  |l 0  |o M 241  |p ECNM241  |r 2019-09-25  |w 2019-09-25  |y THES